000
00214 a2200097 4500
001
46968
100
_a
Farwell
245
_a
Queen Victoria's Little Wars
260
_a
London
_b
Allen Lane
_c
090
_c
30039
_d
30039
942
_a
NUST-CAE
_c
M
_c
22269
999
_c
282041
_d
282041